| 000 | 00488nam a2200181Ia 4500 | ||
|---|---|---|---|
| 005 | 20250326124228.0 | ||
| 008 | 250326s9999 xx 000 0 und d | ||
| 037 | _aTextbook | ||
| 040 |
_aFMSL _beng _cFMSL |
||
| 041 |
_aeng _2eng |
||
| 084 |
_aX:51 L7 _qFMSL |
||
| 100 | _aMenon K S V | ||
| 245 | 0 |
_aMarket study for a new industrial project _cMenon K S V |
|
| 260 |
_aBombay _bBombay, Vora _c1977 |
||
| 300 | _a204p | ||
| 942 |
_cTB _hX:51 L7 |
||
| 999 |
_c1272845 _d1272845 |
||